Inovačné podnikanie

Inovácia ako žiaduca zmena v podnikaní, špecifický nástroj podnikania. Zdroje inovácií a ich symptómy sú signály podnikateľských príležitostí. Inovačná filozofia v Japonsku. Systém kaizen považovaný za japonský kľúč k hospodárskemu úspechu.

Salvato in:
Dettagli Bibliografici
Autore principale: Štefánik, J.
Natura: Capitolo di libro
Lingua:slovacco
Soggetti:
Tags: Aggiungi Tag
Nessun Tag, puoi essere il primo ad aggiungerne!!

MARC

LEADER 00000naa a2200000 4500
001 r026564
005 20230825080131.7
041 0 |a slo 
044 |a SK 
245 1 0 |a Inovačné podnikanie  |c J. Štefánik 
520 |a Inovácia ako žiaduca zmena v podnikaní, špecifický nástroj podnikania. Zdroje inovácií a ich symptómy sú signály podnikateľských príležitostí. Inovačná filozofia v Japonsku. Systém kaizen považovaný za japonský kľúč k hospodárskemu úspechu. 
610 2 0 |a podnikanie 
610 2 0 |a inovácia 
610 2 0 |a Japonsko 
610 2 0 |a kaizen 
610 2 0 |a prosperita ekonomická 
610 2 0 |a úspech pracovný 
610 2 0 |a firmy 
100 1 |a Štefánik, J.